000
00241nam a22001217a 4500
003
SGT
082
_a
823
_b
SPA
100
_a
SPARKS NICHOLAS
245
_a
THE WEDDING
260
_a
USA
_b
SPHERE PUB
_c
2003
300
_a
311
942
_2
ddc
_c
BK
999
_c
33528
_d
33528